History Quiz

Random History or Famous Quiz

Untimely Deaths Quiz Stats

Quiz Updated Aug 15, 2012

Challenge
Share
Tweet
Embed
Score 0/35 Timer 10:00
0 Plays Today
% Correct
1865
79.1%
2012
76.5%
2011
76.1%
2009
75.3%
1963
74.9%
1980
74.4%
1997
71.8%
1945
70.7%
1977
70.6%
1914
70%
399 BC
68.7%
2006
67.8%
1968
65.2%
1994
64.5%
1793
61.7%
44 BC
60.8%
1970
59.1%
30 BC
58.2%
% Correct
1996
56.8%
1431
55.3%
1649
50.9%
1916
50%
1965
49.2%
1890
48.6%
68
48.4%
1955
48.3%
1959
47.4%
1946
46.8%
1937
46.7%
1934
45.9%
1948
42.9%
1962
41.4%
1170
38.9%
1812
28.7%
1961
27.7%

You're not logged in!

Compare scores with friends on all Sporcle quizzes.
Join for Free
OR
Log In

You Might Also Like...

Show Comments

Extras

Top Quizzes Today


Score Distribution

Your Account Isn't Verified!

In order to create a playlist on Sporcle, you need to verify the email address you used during registration. Go to your Sporcle Settings to finish the process.

Report this User

Report this user for behavior that violates our Community Guidelines.

Details: